Cornell, Bridges & Troller A.S.L.A. : landscape architects, land planners.
Saved in:
| Corporate Author: | |
|---|---|
| Format: | Book |
| Language: | English |
| Published: |
Hollywood, Calif. :
Cornell, Bridges & Troller,
[19--?]
|
| Subjects: | |
| Tags: |
Add Tag
No Tags, Be the first to tag this record!
|
| LEADER | 00617nam a22001817u 4500 | ||
|---|---|---|---|
| 001 | 000000481-2 | ||
| 005 | 20090413100624.0 | ||
| 008 | 830203s19uu ||||||| |||| |0||||eng|d | ||
| 035 | 0 | |a ocm80696195 | |
| 110 | 2 | |a Cornell, Bridgers & Troller. | |
| 245 | 1 | 0 | |a Cornell, Bridges & Troller A.S.L.A. : |b landscape architects, land planners. |
| 260 | 0 | |a Hollywood, Calif. : |b Cornell, Bridges & Troller, |c [19--?] | |
| 300 | |a [51] p., [4] p. of plates : |b ill., plans ; |c 28 x 22 cm. | ||
| 500 | |a Describes firm and principals. | ||
| 610 | 2 | 0 | |a Cornell, Bridgers & Troller. |
| 650 | 0 | |a Landscape architects. | |
| 988 | |a 20020608 | ||
| 906 | |0 MH | ||


